000 00604nam a2200193Ia 4500
003 GCL
008 140319s9999 xx 000 0 ara d
040 _aGCL /
_cGCL
082 0 4 _a265.5
_bJ F
100 1 _aنقولاهير
245 1 0 _aبيان الفرق بين الصدر والقلب والفؤاد واللب /
_cنقولاهير
700 1 _aالترمذى، ابى عبدالله محمد بن على
260 _a[S.N] :
_bدار الغرب الاسلامى
300 _a111 ص
490 _a
650 0 4 _aالاسلام
650 0 4 _aالتصوف الاسلامى
942 _2ddc
_cBK
999 _c35069
_d35069